Lanean...
KSR Made Easy : Kerala Service Rules WIth Special Focus on Departmental Tests
| Formatua: | Printed Book |
|---|---|
| Hizkuntza: | English |
| Argitaratua: |
കോഴിക്കോട് :
മാതൃഭൂമി ബുക്സ് ,
2018.
|
| Edizioa: | 2nd |
| LEADER | 00572nam a22001457a 4500 | ||
|---|---|---|---|
| 008 | 211127b2018 ii ||||| |||| 00| 0 eng d | ||
| 020 | |a 9 788182 674202 | ||
| 245 | |a KSR Made Easy : |b Kerala Service Rules WIth Special Focus on Departmental Tests |c Louis CT | ||
| 246 | |a KSR Made Easy | ||
| 250 | |a 2nd | ||
| 260 | |a കോഴിക്കോട് : |b മാതൃഭൂമി ബുക്സ് , |c 2018. | ||
| 300 | |a 70 pages. | ||
| 942 | |c BK | ||
| 999 | |c 363790 |d 363790 | ||
| 952 | |0 0 |1 0 |2 ddc |4 0 |7 0 |9 423791 |a MAL |b MAL |c ST1 |d 2021-11-27 |g 70.00 |i 40836 |l 0 |p MAL40836 |r 2021-11-27 |w 2021-11-27 |y BK | ||